Doosra Qadam / (Record no. 594332)
[ view plain ]
| 000 -LEADER | |
|---|---|
| fixed length control field | 00751cam a22002777a 4500 |
| 001 - CONTROL NUMBER | |
| control field | 3521852 |
| 003 - CONTROL NUMBER IDENTIFIER | |
| control field | NUST |
| 005 - DATE AND TIME OF LATEST TRANSACTION | |
| control field | 20230327113529.0 |
| 008 - FIXED-LENGTH DATA ELEMENTS--GENERAL INFORMATION | |
| fixed length control field | 950901s1995 pk 000 0 urdo |
| 010 ## - LIBRARY OF CONGRESS CONTROL NUMBER | |
| LC control number | 95930246 |
| 020 ## - INTERNATIONAL STANDARD BOOK NUMBER | |
| International Standard Book Number | 9693503473 |
| 025 ## - OVERSEAS ACQUISITION NUMBER | |
| Overseas acquisition number | P-U-031583 |
| 040 ## - CATALOGING SOURCE | |
| Original cataloging agency | DLC |
| Transcribing agency | DLC |
| Modifying agency | DLC |
| 042 ## - AUTHENTICATION CODE | |
| Authentication code | lcode |
| 050 00 - LIBRARY OF CONGRESS CALL NUMBER | |
| Classification number | MLCSA 94/01672 (P) |
| 082 ## - DEWEY DECIMAL CLASSIFICATION NUMBER | |
| Classification number | 891.4392,BAN |
| 100 0# - MAIN ENTRY--PERSONAL NAME | |
| Personal name | Bano Qudsia, |
| Dates associated with a name | 1928-2017. |
| 9 (RLIN) | 111441 |
| 245 10 - TITLE STATEMENT | |
| Title | Doosra Qadam / |
| Statement of responsibility, etc. | Bano Qudsia |
| 260 ## - PUBLICATION, DISTRIBUTION, ETC. | |
| Place of publication, distribution, etc. | Lahore : |
| Name of publisher, distributor, etc. | Sang-i Mīl Pablīkeshanz, |
| Date of publication, distribution, etc. | 2013. |
| 300 ## - PHYSICAL DESCRIPTION | |
| Extent | 526 p. ; |
| Dimensions | 22 cm. |
| 500 ## - GENERAL NOTE | |
| General note | Plays. |
| 500 ## - GENERAL NOTE | |
| General note | In Urdu. |
| 906 ## - LOCAL DATA ELEMENT F, LDF (RLIN) | |
| a | 7 |
| b | cbc |
| c | origode |
| d | u |
| e | ncip |
| f | 19 |
| g | y-gencatlg |
| 942 ## - ADDED ENTRY ELEMENTS (KOHA) | |
| Source of classification or shelving scheme | |
| Koha item type | Book |
| Call number prefix | 891.4392,BAN |
| Withdrawn status | Lost status | Source of classification or shelving scheme | Damaged status | Not for loan | Permanent Location | Current Location | Shelving location | Date acquired | Total Checkouts | Full call number | Barcode | Date last seen | Price effective from | Koha item type | Public note |
|---|---|---|---|---|---|---|---|---|---|---|---|---|---|---|---|
| Military College of Signals (MCS) | Military College of Signals (MCS) | General Stacks | 03/27/2023 | 891.4392,BAN | MCS37836 | 03/27/2023 | 03/27/2023 | Book | Almirha No 66, Shelf No 1 | ||||||
| Military College of Signals (MCS) | Military College of Signals (MCS) | General Stacks | 04/12/2023 | 891.4392,BAN | MCS33956 | 04/12/2023 | 04/12/2023 | Book | Almirha No 66, Shelf No 1 |
